[Event "North American op 24th"]
[Site "Las Vegas"]
[Date "2014.12.26"]
[Round "1"]
[White "Wheeler, Cameron"]
[Black "Parnon, Calvin J"]
[Result "1-0"]
[WhiteElo "2284"]
[BlackElo "1886"]
[PlyCount "101"]
[EventDate "2014.12.26"]
[EventType "swiss"]
[EventRounds "9"]
[EventCountry "USA"]
[SourceTitle "CBM 164 Extra"]
[Source "ChessBase"]
[SourceDate "2015.03.02"]
[SourceVersion "1"]
[SourceVersionDate "2015.03.02"]
[SourceQuality "1"]

1. Nf3 Nf6 2. g3 d5 3. Bg2 e6 4. 0-0 Be7 5. c4 0-0 6. d4 dxc4 7. Qc2 a6 8. Qxc4 b5 9. Qc2 Bb7 10. Bf4 Bd6 11. Nc3 Nc6 12. Rfd1 Nb4 13. Qd2 Nbd5 14. Rac1 Nxf4 15. gxf4 c5 16. e3 Qb6 17. Qe2 Rac8 18. dxc5 Bxc5 19. Ng5 Bxg2 20. Kxg2 Rfd8 21. Qf3 Bf8 22. Nce4 Be7 23. Rxd8+ Rxd8 24. b4 h6 25. Rc6 Qb7 26. Nxf6+ Bxf6 27. Ne4 Rd5 28. Rd6 Be7 29. Nc5 Rg5+ 30. fxg5 Qxf3+ 31. Kxf3 Bxd6 32. gxh6 gxh6 33. Nxa6 Bxh2 34. Kg4 Bd6 35. f4 Kg7 36. e4 Kg6 37. e5 h5+ 38. Kf3 Be7 39. a3 Bd8 40. Nc5 h4 41. Ne4 h3 42. Nd6 Bh4 43. Nxb5 h2 44. Kg2 Bg3 45. a4 Be1 46. a5 Bxb4 47. a6 Bc5 48. Kxh2 Kf5 49. Kg3 f6 50. Nd6+ Kg6 51. exf6 1-0